000 00540ngm a22001093a 4500
008 111221s1993 ja 022 majpn
010 _a 2011611729
050 0 0 _aVAL 9492 (viewing copy)
245 0 0 _aDragon ball Z.
_nEpisode 205 /
_cproduced by Toei Animation Company ; directed and written by Akira Toriyama.
260 _aJapan :
_bToei Animation Company,
_c1993-11-03.
500 _aSources used: copyright material; copyright data base; Wikipedia WWW site, viewed December 21, 2011; Internet movie database WWW site, viewed December 13, 2011.
999 _c12142
_d12142